Statistiken für Kanada Karten-Quiz

Klicken Sie hier um das Quiz zu spielen!

Allgemein

  • Dieses Quiz wurde 2,513 mal gespielt
  • Das Durchschnittsergebnis liegt bei 8 aus 13

Antwortstatistiken

Answer % Korrekt
Quebec
75%
British Columbia
70%
Prince Edward Island
68%
Neufundland und Labrador
67%
Ontario
66%
Nordwest-Territorien
65%
Alberta
60%
Nunavut
52%
Yukon
50%
Manitoba
49%
New Brunswick
46%
Nova Scotia
43%
Saskatchewan
41%

Verteilung der Resultate

Perzentil nach korrekt beantworteten Fragen

Anzahl Personen mit jedem Resultat

Ihre Resultats-Entwicklung

Sie haben dieses Quiz noch nicht gespielt